| 000 | 00666nam a22001817a 4500 | ||
|---|---|---|---|
| 005 | 20260415124507.0 | ||
| 008 | 260224b |||||||| |||| 00| 0 eng d | ||
| 020 | _a978-1-240-13500-4 | ||
| 050 | _aKD 7454 .O 34 1912 | ||
| 100 | _aODGERS, WILLIAM BLAKE | ||
| 245 | _aTHE PRINCIPLES OF PLEADING AND PRACTICE IN CIVIL ACTIONS IN THE HIGH COURT OF JUSTICE | ||
| 250 | _a6 | ||
| 260 |
_aLONDON, _bSTEVENS AND SONS, LIMITED, _c1912, |
||
| 300 | _aLXVIII, 512P. | ||
| 500 | _aINCLUDES INDEX | ||
| 650 | _a1. Civil procedure-Textbooks 2. Pleading-England-Textbooks 3. Law reports, digests, etc.- England 4. High Court of Justice-England-Practice | ||
| 942 |
_2lcc _cBK |
||
| 999 |
_c216604 _d216604 |
||